Family favourite chicken: (Record no. 2113)

MARC details
000 -LEADER
fixed length control field 00420nam a22001457a 4500
005 - DATE AND TIME OF LATEST TRANSACTION
control field 20230404054747.0
008 - FIXED-LENGTH DATA ELEMENTS--GENERAL INFORMATION
fixed length control field 230404b |||||||| |||| 00| 0 eng d
020 ## - INTERNATIONAL STANDARD BOOK NUMBER
International Standard Book Number 978-1-4075-3087-1
082 ## - DEWEY DECIMAL CLASSIFICATION NUMBER
Classification number 641.665 F198 2008
245 ## - TITLE STATEMENT
Title Family favourite chicken:
Remainder of title perfect recipes for the entire family /
260 ## - PUBLICATION, DISTRIBUTION, ETC.
Place of publication, distribution, etc. Bath, Uk:
Name of publisher, distributor, etc. Parragon,
Date of publication, distribution, etc. c2008.
300 ## - PHYSICAL DESCRIPTION
Extent 47p.:
Other physical details col. ill.
541 ## - IMMEDIATE SOURCE OF ACQUISITION NOTE
Accession number 1996
650 ## - SUBJECT ADDED ENTRY--TOPICAL TERM
Topical term or geographic name entry element Cooking (chicken)
Holdings
Withdrawn status Lost status Source of classification or shelving scheme Damaged status Not for loan Home library Current library Date acquired Total Checkouts Full call number Barcode Date last seen Copy number Price effective from Koha item type
    Dewey Decimal Classification     ctu-moalboal ctu-moalboal 01/17/2012   641.665 F198 2008 1996 04/04/2023 1 04/04/2023 Books-Reference